000 02503nkm0a2200469 4500
001 RU\NLR\BIBL_A\022582320
005 20260126214616.0
035 _a(NLR Aleph) 022582320
071 5 0 _d50 коп.
090 _a89014
_c89014
100 _a20250708d1943 u y0rusy50 ca
101 0 _arus
102 _aRU
116 _aiiyaxx bi ad
135 _acrcn 024anaba
181 0 _ab4
_bxb2e
182 0 _an
200 1 _aЗалповый огонь
_e[плакат]
_fавтор лейтенант В. П. Корзинин
_gредактор полковник В. К. Алексеев
_gтехн. редактор Л. М. Радкевич
203 _aИзображение
_bнеподвижное
_bдвухмерное
_bвизуальное
_cнепосредственное
210 _aМосква
_cВоенное издательство Народного коммисариата обороны
_d1943
_eМосква
_gЛитография № 2 МООМП
215 _a1 л. (9 изобр.)
_cлитогр.
_d58,5х84
300 _aВ вып. данных: Г 110898. Воениздат И-164; Подписано к печати 26/VIII 1943 г.; Заказ 530
325 _aКопия доступна в Электрон. б-ке РНБ
606 1 _aПлакат инструктивный
_2nlr_sh2
_3RU\NLR\AUTH\6601761657
606 1 _aВеликая Отечественная война
_z1941 - 1945
_jПлакаты
_2nlr_sh1
_2nlr_sh2
_3RU\NLR\AUTH\668893
686 _aЩ150.466
700 1 _aКорзинин
_bВ. П.
_4570
712 0 2 _aВоениздат
_cМосква
_3RU\NLR\AUTH\8810147525
_4650
712 0 2 _aМосковский областной отдел местной промышленности
_bЛитография
_c2
_3RU\NLR\AUTH\880626606
_4610
852 0 0 _aNLR
_bЭ
_jНпВо425/6-20
_mЭ035706
856 0 _uhttps://vivaldi.nlr.ru/la000070996/view
856 1 _uhttps://vivaldi.nlr.ru/la000070996/cover
856 2 _uhttps://vivaldi.nlr.ru/la000070996/text
901 _eИзографические материалы
942 _cVISUAL
945 _aРоссийская национальная библиотека
980 _aBV
980 _aNB
981 1 7 _a(17) Изографические материалы
_b(17) Плакаты